Countries with Euthanasia - Statistics

General Stats
  • This quiz has been taken 122 times
    64 since last reset
  • The average score is 6 of 9
Answer Stats
Answer % Correct
Canada
90%
Netherlands
86%
Switzerland
83%
Belgium
81%
Germany
76%
Luxembourg
76%
Japan
64%
South Korea
50%
Colombia
36%
No matching quizzes found
Score Distribution
Percent of People with Each Score
Percentile by Number Answered
Your Score History
You have not taken this quiz since the last reset